000 00674nam a2200241Ia 4500
003 OSt
005 20220923230635.0
006 a|||||r|||| 00| 0
007 ta
008 Pun
024 _a286,561
037 _cTextual
040 _aARTS
_cARTS
_bPun
041 _2Pun
_aPun
082 _aV236.N47<-M50, 153L4
100 _aਅਸੋਕ, FਮFੇਰ ਸਿੰਘ
245 0 _aਪੰਜਾਬ ਦੀਆਂ ਲਹਿਰਾਂ
260 _c1974
300 _a159ਪ੍ਰ0
_ccm.
650 _aਭਾਰਤੀਯ ਇਤਿਹਾਸ
942 _hV236.N47<-M50, 153L4
_cTEXL
_2CC
999 _c386212
_d386212